MARC

LEADER 00000nam0a2200000 4500
001 271152
005 20231031225245.0
020 |a RU  |b 87-44924 
035 |a (RuTPU)RU\TPU\book\294333 
090 |a 271152 
100 |a 20141006d1987 k y0rusy5003 ca 
101 0 |a rus 
102 |a RU 
105 |a y z 001zy 
200 1 |a Комплексное использование сырья цветной металлургии  |f В. Н. Виноградов 
210 |a Москва  |c Недра  |d 1987 
215 |a 79 с. 
320 |a Библиогр.: с. 76-78 (50 назв.). 
606 1 |a Руды цветных металлов  |x Использование комплексное  |2 stltpush  |3 (RuTPU)RU\TPU\subj\26246 
610 1 |a цветная металлургия 
610 1 |a тяжелые цветные металлы 
610 1 |a комплексное использование 
610 1 |a минерально-сырьевая база 
610 1 |a металлургические заводы 
610 1 |a экономика 
610 1 |a редкие металлы 
610 1 |a сырьевые ресурсы 
675 |a 622.342/.349  |v 3 
700 1 |a Виноградов  |b В. Н.  |g Владимир Николаевич 
801 0 |a RU  |b RuMRKP  |c 19950417  |g psbo 
801 1 |a RU  |b 63413507  |c 20141006 
801 2 |a RU  |b 63413507  |c 20160317  |g RCR 
942 |c BK